| 000 | 00791nam a2200217 a 4500 | ||
|---|---|---|---|
| 005 | 20140412111319.0 | ||
| 008 | 000822s19uu xx 00 eng d | ||
| 020 | _a0-399-21166-7 | ||
| 050 |
_aTR(PS E _bVe62 1984 |
||
| 100 | _aCarle, Eric | ||
| 245 |
_aVery busy spider (The)/ _cEric Carle. |
||
| 260 |
_aNew York : _bPhilomel Books, _c1984. |
||
| 300 | _a1 v. (unp.) ; ill. | ||
| 520 | _aThe farm animals try to divert a busy little spider from spinning her web, but she persists and produces a things of both beauty and usefulness. The picture may be felt as well as seen. | ||
| 650 | _aToy and movable books-Specimens | ||
| 650 | _aSpiders-Fiction | ||
| 650 | _aSpider webs-Fiction | ||
| 650 | _aDomestic animals-Fiction | ||
| 650 | _aToy and movable books | ||
| 999 |
_c104314 _d104314 |
||